|
|
|
|
| LEADER |
00000nam a2200000 4500 |
| 001 |
AR-BbUGT5226 |
| 003 |
AR-BbUGT |
| 005 |
20260204111402.0 |
| 007 |
cr || ||||aaaa |
| 008 |
160509t2013####ag ####||####|0|||0|spa d |
| 040 |
|
|
|a AR-BbUGT
|b spa
|c AR-BbUGT
|
| 082 |
0 |
4 |
|a 380.14
|
| 100 |
1 |
|
|a Errea, Martín.
|4 dis
|
| 245 |
1 |
0 |
|a Micro emprendimiento de pesca deportiva embarcada en Villa del Mar
|h [Recurso electrónico] /
|c Martín Errea.
|
| 260 |
|
|
|c 2013.
|
| 300 |
|
|
|a Un disco compacto
|
| 502 |
|
|
|a Tesis (grado)--Universidad Nacional del Sur. Departamento de Geografía y Turismo, 2013.
|
| 520 |
1 |
|
|a En este trabajo se expone un plan de prefactibilidad desarrollado para impulsar un micro emprendimiento dedicado al turismo deportivo en la localidad de Villa del Mar, el cual se engloba dentro de la categoría del turismo activo. Puntualmente el negocio se orienta al segmento de la pesca deportiva embarcada. Observando que hay escasos oferentes de este tipo de servicio, de los cuales muy pocos brindan una alternativa orientada a la demanda más selectiva. El mercado de referencia al que se apunta es el comprendido por aquellas personas que practican la pesca marítima deportiva embarcada en el estuario de Bahía Blanca.
|
| 653 |
|
|
|a Pesca embarcada
|
| 653 |
|
|
|a Turismo activo
|
| 653 |
|
|
|a Villa del Mar [Coronel Rosales, Buenos Aires (Provincia)]
|
| 653 |
|
|
|a Tesis de grado
|
| 700 |
1 |
|
|a Leonardi, Viviana
|4 ths.
|
| 710 |
2 |
|
|a Universidad Nacional del Sur.
|b Departamento de Geografía y Turismo
|4 dgg.
|9 48
|
| 942 |
|
|
|c VM
|h 380.14
|i ER72
|k CD
|2 ddc
|6 380_140000000000000_ER72
|
| 999 |
|
|
|c 12384
|d 12384
|